| 000 | 01007nam a2200265 a 4500 | ||
|---|---|---|---|
| 001 | 12114480 | ||
| 008 | 181031s2000 ||||||||||||||||| || u | ||
| 010 | _a00060730 | ||
| 020 | _a9780745621548 | ||
| 020 | _a0226400409 (pbk. : alk. paper) | ||
| 050 | _aBD 232 Joa | ||
| 100 | _aJoas, Hans | ||
| 245 | 1 | 4 |
_aThe genesis of values _cBy Hans Joas; translated by Gregory Moore. |
| 246 | _aEntstehung der Werte. English | ||
| 260 |
_aChicago: _bPolity _c2000 |
||
| 300 | _axiii, 250p. | ||
| 350 | _a25.49 | ||
| 500 | _aIncludes bibliographical references (p. [227]-243) and index | ||
| 650 | 0 | _aETHICS | |
| 650 | 0 | _aVALUES | |
| 856 | _uhttp://www.loc.gov/catdir/description/uchi051/00060730.html | ||
| 856 | _uhttp://www.loc.gov/catdir/toc/uchi051/00060730.html | ||
| 856 | _uhttp://www.loc.gov/catdir/bios/uchi051/00060730.html | ||
| 995 |
_FCBU-MAIN LIBRARY (Kitwe) _I25.49 _M1 _UAVAILABLE _WOct 31, 2018 _ZMain Library Open Access Collection |
||
| 999 |
_c44435 _d44435 |
||